000
00324nam a2200133Ia 4500
005
20251222155037.0
008
251222s9999||||xx |||||||||||||| ||spa||
082
_a
LEN. 28
100
_a
SILVINO José.
245
0
_a
70 Ejercicios Prácticos Dinamica de Grupo
250
_a
3ra. ed.
264
_b
Sal Terrae
942
_c
LIB
999
_c
36793
_d
36793